| 000 | 01650cam a2200229 4500500 | ||
|---|---|---|---|
| 005 | 20251228060113.0 | ||
| 041 | _afre | ||
| 042 | _adc | ||
| 100 | 1 | 0 |
_aFortineau-Guillorit, Élisabeth _eauthor |
| 245 | 0 | 0 | _a« Si je n'étais pas dans ton ventre... » |
| 260 | _c2005. | ||
| 500 | _a35 | ||
| 520 | _aRésumé Cet article se propose d’exposer, à l’aide de vignettes cliniques, la façon dont certains enfants ont pu aborder à l’Arbre vert leur problématique d’adoption : déception quand ils réalisent que les parents adoptifs ne sont pas leurs procréateurs, construction d’un roman familial leur permettant comme tout enfant d’aménager leur situation œdipienne, tristesse et blessure narcissique quand ils prennent conscience de leur abandon par les parents géniteurs. Il sera aussi question des carences affectives susceptibles de s’installer chez des enfants n’ayant pu bénéficier avant leur adoption d’un environnement substitutif de type maternel suffisamment sécurisant. L’ Arbre vert est une structure créée avec l’objectif d’accompagner par des professionnels (psychiatres et psychologues, psychanalystes) les enfants et leurs parents dans la construction psychique de cette nouvelle filiation. | ||
| 690 | _ablessure de l'abandon | ||
| 690 | _acarence affective | ||
| 690 | _aorigine de la procréation | ||
| 690 | _aquête identitaire | ||
| 690 | _arenarcissisation | ||
| 690 | _aroman familial | ||
| 786 | 0 | _nEnfances & Psy | 29 | 4 | 2005-10-01 | p. 95-105 | 1286-5559 | |
| 856 | 4 | 1 | _uhttps://shs.cairn.info/revue-enfances-et-psy-2005-4-page-95?lang=fr&redirect-ssocas=7080 |
| 999 |
_c1586964 _d1586964 |
||